[Event "Olympiad Women 2024"]
[Site "Budapest HUN"]
[Date "2024.09.18"]
[Round "7.38"]
[Board "4"]
[White "Eftovska, Lea"]
[Black "James, Shemilah"]
[Result "1/2-1/2"]
[WhiteElo "1839"]
[BlackElo "1774"]
[PlyCount "149"]
[EventDate "2024.09.11"]
[WhiteTeam "North Macedonia"]
[BlackTeam "Trinidad & Tobago"]

1. e4 e5 2. Nf3 Nc6 3. Bc4 Nf6 4. d3 Be7 5. O-O O-O 6. c3 d5 7. exd5 Nxd5 8. Re1 Nb6 9. Bb3 Bg4 ({RR} 9... Bf6 10. Bc2 Bf5 11. Be3 Qd7 12. Qe2 Rad8 13. Rd1 Qe7 14. Nbd2 Nd5 15. Ne4 Nxe3 16. Nxf6+ Qxf6 17. fxe3 Bg4 18. Rf1 Qh6 19. h3 Bh5 20. e4 Rd6 21. b4 a6 22. a4 b5 23. Rae1 Rfd8 24. Qe3 {1-0 Rodriguez Rivero,J (2144)-Vifleemskaia,S (1942) Swiss Queens Wed #32 2024 (5.126)}) 10. h3 ({RR} 10. Qe2 Kh8 11. Nbd2 f6 12. h3 Bh5 13. Ne4 f5 14. Ng3 Bg6 15. Bd2 Qd7 16. Rad1 Bf6 17. Bg5 Bxg5 18. Nxg5 Rae8 19. h4 f4 20. N3e4 h6 21. Ne6 Rf5 22. Qg4 Kh7 23. N4c5 Qc8 24. d4 h5 {1-0 Kotsur,P (2572)-Ganguly,S (2562) Asia-chT fin 13th 2003 (8)}) 10... Bh5 11. Qe2 Kh8 12. g4 $146 ({RR} 12. Nbd2 f5 13. Nf1 Bc5 14. Be3 Bd6 15. Bxb6 axb6 16. Ng3 Bxf3 17. Qxf3 e4 18. dxe4 Ne5 19. Qe2 f4 20. Nf5 f3 21. Qd1 fxg2 22. f4 Nd3 23. Qxd3 Rxf5 24. Kxg2 Rxf4 25. Rad1 Qg5+ 26. Kh1 Rf2 {0-1 Kopera,M (2131)-Miciak,M (2087) SVK-chT2C 1415 2014 (9.3)}) ({RR} 12. Nbd2 f5 13. Nf1 Bf6 14. Ng3 Bg6 15. Bc2 h6 16. Bd2 Qd6 17. Rad1 Rae8 18. Bc1 Nd5 19. Qf1 Bh7 20. d4 e4 21. Nd2 Bh4 22. Nc4 Qg6 23. Ne5 Nxe5 24. dxe5 Bxg3 25. fxg3 Rxe5 26. Bf4 Nxf4 {0-1 Gressmann,H (1854)-Palamarchuk,A (2011) Pardubice Czech op-B 32nd 2021 (3)}) ({RR} 12. Nbd2 f5 13. Nf1 Bf6 14. Ng3 Bg6 15. Bd2 Re8 16. Rad1 Na5 17. Bc2 c5 18. Bc1 Nc6 19. Qf1 Qd5 20. Bb3 Qd7 21. h4 h6 22. h5 Bh7 23. Nd2 Rad8 24. Nc4 Nxc4 25. dxc4 Qf7 26. Rd5 b6 {0-1 Winiarski,M (2300)-Gajek,R (2439) POL-chT 2nd League 2016 (1.37)}) 12... Bg6 13. Bc2 f5 14. b4 a6 15. a3 fxg4 16. hxg4 Nd5 17. Nh2 Bh4 18. Rf1 Qf6 19. Be3 Bg5 20. Bb3 Nf4 21. Bxf4 Qxf4 22. Bd5 Rad8 23. Be4 Qf6 24. Ra2 Bf4 25. f3 Bxh2+ 26. Qxh2 Bxe4 27. dxe4 Rd3 28. Raf2 Ne7 29. Qh5 g6 30. Qh3 Qf4 31. Kg2 Ng8 32. Rh1 Nf6 33. Qh4 Rf7 34. Qh6 Qxh6 35. Rxh6 Rfd7 36. Rh1 Ne8 37. Re1 Ng7 38. f4 exf4 39. Rxf4 Ne6 40. Rf6 Ng5 41. e5 Kg7 42. Rf2 Ne6 43. Rf3 R3d5 44. a4 Ng5 45. Rfe3 Re7 46. Na3 Re6 47. Kg3 h6 48. Nc4 Nf7 49. Kf4 Rd8 50. b5 axb5 51. axb5 Rd5 52. Na3 Rd8 53. Nc2 Rde8 54. Nd4 g5+ 55. Kg3 Rxe5 56. Rxe5 Nxe5 57. Nf5+ Kg6 58. Rh1 Nf7 59. Rd1 h5 60. Rd7 h4+ 61. Kg2 Ne5 62. Rxc7 Nxg4 63. Ne7+ Kf6 64. Nd5+ Ke5 65. c4 Nf6 66. Rg7 Ne4 67. Rxb7 Rf8 68. Re7+ Kd4 69. Nc7 Rf2+ 70. Kh3 Rf3+ 71. Kg2 Rf2+ 72. Kh3 Rf3+ 73. Kg2 Rf2+ 74. Kh3 Rf3+ 75. Kg2 1/2-1/2

[Event "Olympiad Women 2024"]
[Site "Budapest HUN"]
[Date "2024.09.18"]
[Round "7.39"]
[Board "1"]
[White "Makwena, Christine"]
[Black "Kanyamarala, Trisha"]
[Result "0-1"]
[WhiteElo "1860"]
[BlackElo "2179"]
[PlyCount "48"]
[EventDate "2024.09.11"]
[WhiteTeam "Zimbabwe"]
[BlackTeam "Ireland"]
[WhiteTeamCountry "ZIM"]
[BlackTeamCountry "IRL"]

1. e4 c5 2. Nf3 d6 3. d4 cxd4 4. Nxd4 Nf6 5. Nc3 Bd7 6. Bg5 e6 7. f4 h6 8. Bh4 Be7 9. Qf3 Nc6 10. O-O-O Nxd4 11. Rxd4 Bc6 $146 ({RR} 11... g5 12. fxg5 Nh7 13. g6 fxg6 14. Bxe7 Qxe7 15. Qg3 Qg5+ 16. Qxg5 hxg5 17. Rxd6 Ke7 18. e5 Rac8 19. Ne4 Bc6 20. Bd3 Bxe4 21. Bxe4 Rc5 22. Bxb7 Rb8 23. Bf3 Rbc8 24. c3 Rxe5 25. Ra6 Rc7 26. Rd1 {½-½ Martinez Ramirez,E (2189)-Moll,A (2206) Catalunya-chT GpA final 2018 (2.7)}) 12. g4 Qa5 13. Kb1 Nxe4 14. Nxe4 Bxh4 15. Bg2 Be7 16. Qe2 d5 17. Ng3 Bf6 18. Rd2 O-O-O 19. Nh5 Bb5 20. Qd1 Bc4 21. a3 Be7 22. Qc1 Rd6 23. Rf2 Rb6 24. Ka1 Bxa3 0-1

[Event "Olympiad Women 2024"]
[Site "Budapest HUN"]
[Date "2024.09.18"]
[Round "7.39"]
[Board "2"]
[White "O'Gorman, Alice"]
[Black "Shaba, Linda Dalitso"]
[Result "1-0"]
[WhiteElo "1996"]
[BlackElo "1831"]
[PlyCount "69"]
[EventDate "2024.09.11"]
[WhiteTeam "Ireland"]
[BlackTeam "Zimbabwe"]
[WhiteTeamCountry "IRL"]
[BlackTeamCountry "ZIM"]

1. e4 e6 2. d4 d5 3. e5 c5 4. c3 Nc6 5. Nf3 Bd7 6. Bd3 Qb6 7. O-O cxd4 8. Re1 dxc3 ({RR} 8... Nge7 9. h4 Nf5 10. Nbd2 dxc3 11. bxc3 Qc7 12. Nb3 Be7 13. Bxf5 exf5 14. Qxd5 Be6 15. Qd1 Rd8 16. Qe2 O-O 17. Bg5 h6 18. Bxe7 Qxe7 19. Nbd4 Nxd4 20. Nxd4 Rc8 21. Qf3 Qxh4 22. Nxf5 Bxf5 23. Qxf5 {0-1 Mamedov,R (2654)-Erigaisi,A (2559) Katara Bullet Final blitz 2020 (1.1)}) 9. Nxc3 Nb4 10. Be3 ({RR} 10. Bf1 Bc5 11. Re2 Ne7 12. a3 Na6 13. b4 Nxb4 14. Rb1 a5 15. Reb2 O-O 16. Na4 Bxa4 17. Qxa4 Qc7 18. axb4 axb4 19. Qb5 Ra5 20. Qd3 b6 21. Bf4 Rd8 22. Nd4 Nc8 23. Qd2 Na7 24. g3 Qd7 {1-0 Bashtavenko,A (1560)-Martinez Garay,C (1728) 7th Marcel Duchamp Cup 2024 (8.39)}) 10... Qd8 11. Bb1 $146 ({RR} 11. Be2 a6 12. a3 Nc6 13. Rc1 Nge7 14. Bd3 Ng6 15. Bd2 Qb8 16. Qe2 Be7 17. g3 Bd8 18. h4 Bc7 19. Bxg6 hxg6 20. b4 Na7 21. Ng5 Bxe5 22. Nxd5 O-O 23. Qxe5 Qxe5 24. Rxe5 exd5 25. Rxd5 Bc6 {0-1 Ajradinoska,I (1200)-Veleska,V (1728) FRM-chT (Women) 2021 (6.4)}) 11... Ne7 12. h4 h6 13. h5 Nec6 14. a3 Na6 15. b4 Nc7 16. b5 Na5 17. Bd3 b6 18. Nd2 Rc8 19. f4 Qh4 20. Qf3 Nb7 21. g3 Qd8 22. Qg4 Nc5 23. Be2 Rg8 24. a4 Be7 25. Nf3 Nb3 26. Rad1 Bc5 27. Bxc5 bxc5 28. Bd3 Kf8 29. Rb1 Na5 30. Rec1 Na8 31. f5 Nb6 32. Qf4 Qe7 33. Nh4 c4 34. fxe6 Bxe6 35. Ng6+ 1-0

[Event "Olympiad Women 2024"]
[Site "Budapest HUN"]
[Date "2024.09.18"]
[Round "7.39"]
[Board "3"]
[White "Wakuruwarewa, Colletta"]
[Black "Mirza, Diana"]
[Result "0-1"]
[WhiteElo "1814"]
[BlackElo "1962"]
[PlyCount "70"]
[EventDate "2024.09.11"]
[WhiteTeam "Zimbabwe"]
[BlackTeam "Ireland"]
[WhiteTeamCountry "ZIM"]
[BlackTeamCountry "IRL"]

1. d4 Nf6 2. Nf3 g6 3. g3 Bg7 4. Bg2 c5 5. c3 O-O 6. O-O d6 7. Nbd2 Nc6 8. dxc5 ({RR} 8. e4 cxd4 9. cxd4 Bg4 10. Qa4 a6 11. d5 b5 12. Qa3 Na5 13. Re1 Qb6 14. b4 Nc4 15. Nxc4 bxc4 16. Be3 Qb7 17. Nd4 Bd7 18. Rac1 Rfc8 19. h3 Rab8 20. Nc2 Bb5 21. Bd4 Nd7 22. Bxg7 Kxg7 {1-0 Fedoseev,V (2688)-Vakhlamov,I (2413) Titled Tue 29th Nov Early 2022 (3)}) ({RR} 8. Re1 e5 9. e4 cxd4 10. cxd4 exd4 11. Nb3 Bg4 12. Nbxd4 Nxd4 13. Qxd4 Re8 14. Bg5 h6 15. Bf4 Nxe4 16. Qb4 d5 17. Rad1 Qb6 18. Qxb6 axb6 19. Rxd5 Be6 20. Rb5 f5 21. Rxb6 Bd5 22. Rxg6 Kh7 {1-0 Cardozo,C (2043)-Mazurkiewicz,M (2145) Titled Tue 9th Jan Late 2024 (10)}) 8... dxc5 9. Nb3 c4 10. Nbd2 Na5 $146 ({RR} 10... Be6 11. Qa4 Rb8 12. Ng5 Bd7 13. Qxc4 Ne5 14. Qb3 Bc6 15. Nde4 Nxe4 16. Nxe4 Qc7 17. Bf4 Rbd8 18. Rad1 Qc8 19. Rxd8 Rxd8 20. Bxe5 Bxe5 21. Ng5 e6 22. Bh3 Bd5 23. Qc2 Bf6 24. Nf3 a6 25. Rd1 {½-½ Gimenez Solano,V-Sanchez Ruiz,P Cullera op-B 2006 (3)}) 11. Re1 Qb6 12. Qa4 Bd7 13. Qc2 Ng4 14. e3 Bf5 15. Ne4 Nc6 16. Nd4 Bd7 17. Qe2 Nge5 18. Nd2 Qa6 19. b4 Nxd4 20. exd4 Nd3 21. Rf1 e5 22. Nf3 Bg4 23. Qe4 Bf5 24. Qe3 exd4 25. Nxd4 Rfe8 26. Qd2 Bg4 27. h3 Bxd4 28. hxg4 Bg7 29. Qc2 Ne1 30. Qd2 Nxg2 31. Kxg2 Rad8 32. Qc2 Qc6+ 33. f3 Rd3 34. Bd2 Re2+ 35. Rf2 Qxf3+ 0-1

[Event "Olympiad Women 2024"]
[Site "Budapest HUN"]
[Date "2024.09.18"]
[Round "7.39"]
[Board "4"]
[White "Putar, Lara"]
[Black "Zengeni, Tatenda Melisa"]
[Result "1-0"]
[WhiteElo "1911"]
[BlackElo "1732"]
[PlyCount "183"]
[EventDate "2024.09.11"]
[WhiteTeam "Ireland"]
[BlackTeam "Zimbabwe"]
[WhiteTeamCountry "IRL"]
[BlackTeamCountry "ZIM"]

1. d4 Nf6 2. c4 e6 3. Nf3 d5 4. g3 Ne4 5. Bg2 Bb4+ 6. Nbd2 O-O 7. O-O Bxd2 $146 ({RR} 7... Nxd2 8. Bxd2 Bxd2 9. Qxd2 c6 10. Qc2 h6 11. e4 dxc4 12. Qxc4 Qb6 13. a3 a5 14. Rfd1 a4 15. e5 Ra5 16. Qc2 Bd7 17. Nd2 Qc7 18. Nc4 Ra7 19. Nd6 b5 20. Rac1 Qb6 21. Qe4 Na6 22. Bf1 {1-0 Karthik,K (2281)-Jevtic,M (2035) Veliko Gradiste Silver Lake op 2018 (2)}) ({RR} 7... Nc6 8. Nxe4 dxe4 9. Ne5 Nxd4 10. Bxe4 f6 11. Nf3 Nxf3+ 12. Bxf3 Bc5 13. Qb3 Qe7 14. Be3 c6 15. Rfd1 e5 16. Rd2 a5 17. Bxc5 Qxc5 18. Rad1 a4 19. Qc2 Be6 20. b3 axb3 21. axb3 f5 22. e3 {½-½ Kraai,J (2498)-Sevillano,E (2528) Southern California op 31st 2009 (4)}) ({RR} 7... Be7 8. Qc2 f5 9. Ne5 Bf6 10. Ndf3 a5 11. b3 Qe7 12. a3 b6 13. Bb2 c5 14. cxd5 exd5 15. Rfd1 Bb7 16. Rac1 Na6 17. e3 Rac8 18. Qe2 Nc7 19. Nd3 Ne6 20. dxc5 bxc5 21. Bxf6 Nxf6 22. Qb2 {0-1 Fiskaaen,M (2116)-Miezis,N (2424) Norway Chess Open GM 2024 (4.8)}) ({RR} 7... Nf6 8. Qc2 c6 9. a3 Bd6 10. e4 dxe4 11. Nxe4 Nxe4 12. Qxe4 Nd7 13. Rd1 Qe7 14. Bf4 Re8 15. Rd2 Nf6 16. Qe3 b6 17. Ne5 Bb7 18. Nxc6 Qc7 19. Bxd6 Qxd6 20. Ne5 Bxg2 21. Kxg2 Nd7 22. Nxd7 {1-0 Isagov,N (2044)-Artemyev,A (2129) Krasnoyarsk Region-ch 2015 (8)}) 8. Nxd2 f5 9. Qb3 b6 10. cxd5 Qxd5 11. Nxe4 fxe4 12. Bf4 Na6 13. Qe3 Bb7 14. Rfd1 Qf5 15. Rac1 Rf7 16. a3 c5 17. Rc3 Rd8 18. Rc4 b5 19. Rc2 Rfd7 20. Rcd2 c4 21. h4 Nc7 22. Be5 Ne8 23. Rf1 Nd6 24. Rfd1 Nf7 25. Bf4 Bd5 26. Kh2 h6 27. Bh3 Qg6 28. Rg1 Nd6 29. g4 Rf7 30. Qg3 e3 31. Qxe3 Ne4 32. Rdd1 Rdf8 33. Bg3 Nxf2 34. Bxf2 Rxf2+ 35. Kg3 Qe4 36. Qxe4 Bxe4 37. Rde1 g5 38. hxg5 hxg5 39. Rgf1 Rxf1 40. Bxf1 a5 41. Rc1 Rf4 42. Rd1 Kf7 43. Bg2 Bxg2 44. Kxg2 Rxg4+ 45. Kf3 Rf4+ 46. Ke3 Ke7 47. d5 e5 48. d6+ Kd7 49. Rd5 b4 50. Rxe5 bxa3 51. bxa3 c3 52. Rxg5 Rc4 53. Rg1 Ra4 54. Ra1 Kxd6 55. Kd3 Ke5 56. Kxc3 Ke4 57. Kb3 Rd4 58. Rc1 a4+ 59. Kc3 Ke3 60. Rh1 Rg4 61. Rb1 Kxe2 62. Rb2+ Kd1 63. Rb4 Rg3+ 64. Kb2 Rg2+ 65. Kb1 Rg3 66. Rxa4 Rb3+ 67. Ka2 Kc2 68. Rc4+ Rc3 69. Rh4 Rc5 70. a4 Ra5 71. Rc4+ Kd2 72. Kb3 Kd3 73. Rh4 Ra8 74. Rh5 Rb8+ 75. Rb5 Ra8 76. Kb4 Kd4 77. a5 Rc8 78. Rb7 Rc1 79. Rd7+ Ke5 80. a6 Ra1 81. Kb5 Ke6 82. Rd4 Rb1+ 83. Rb4 Ra1 84. Kb6 Kd6 85. Kb7 Kc5 86. Rb2 Rh1 87. a7 Rh7+ 88. Ka6 Rh6+ 89. Ka5 Rh8 90. Rb8 Rh1 91. Rc8+ Kd6 92. a8=Q 1-0

[Event "Olympiad Women 2024"]
[Site "Budapest HUN"]
[Date "2024.09.18"]
[Round "7.40"]
[Board "1"]
[White "Verbin, Valentina"]
[Black "Park, Sunwoo"]
[Result "1-0"]
[WhiteElo "2071"]
[BlackElo "1877"]
[PlyCount "139"]
[EventDate "2024.09.11"]
[WhiteTeam "Moldova"]
[BlackTeam "South Korea"]
[WhiteTeamCountry "MDA"]

1. e4 c5 2. Nf3 Nc6 3. Bb5 g6 4. O-O Bg7 5. c3 e5 6. d3 Nge7 7. Be3 b6 8. d4 cxd4 9. cxd4 exd4 10. Nxd4 O-O 11. Nc3 Bb7 ({RR} 11... a6 12. Be2 Bb7 13. Nb3 d5 14. Nxd5 Nxd5 15. Qxd5 Qe7 16. Bg5 Qe8 17. Bf3 h6 18. Be3 Rd8 19. Qc4 b5 20. Qc2 Nb4 21. Qb1 f5 22. Nc5 Ba8 23. a3 Nd3 24. Qa2+ Kh8 25. Ne6 fxe4 26. Nxg7 {0-1 Zapata,A (2495)-Cordova,E (2493) Carlos Torre Wimbledon 20th 2007 (1.2)}) 12. Qd2 ({RR} 12. Re1 Rc8 13. Nf3 d6 14. Rc1 Ne5 15. Nxe5 dxe5 16. Bg5 Qxd1 17. Rexd1 Rc7 18. Bxe7 Rxe7 19. Nd5 Bxd5 20. exd5 e4 21. d6 Re5 22. a4 Rd8 23. Rc7 Bf8 24. d7 a5 25. Rc8 Be7 26. Rdc1 Kf8 {1-0 Michalek,J (2258)-Liska,J (2281) TCh-CZE Extraliga 2023-24 (6.8)}) 12... a6 13. Be2 d5 14. Nxc6 $146 ({RR} 14. exd5 Nxd5 15. Nxd5 Nxd4 16. Nc3 Qh4 17. Bg5 Nxe2+ 18. Nxe2 Qg4 19. f3 Qf5 20. Ng3 Qb5 21. Rab1 Rfe8 22. Rfd1 Re5 23. Bh6 Rd5 24. Qe3 Re8 25. Rxd5 Bxd5 26. Ne4 Bxe4 27. fxe4 Bxh6 28. Qxh6 Rxe4 {0-1 Martin Manzano,A-Garcia Fernandez,J (2125) Asturias Preferente op 1998 (8)}) ({RR} 14. exd5 Nxd4 15. Bxd4 Bxd4 16. Qxd4 Nxd5 17. Rad1 {½-½ Menon,S (2163)-Lode,S (2198) Glorney Cup U20 1999 (2)}) ({RR} 14. exd5 Nb4 15. Bh6 Bxh6 16. Qxh6 Nexd5 17. Ne4 Qe7 18. Bf3 Qe5 19. Ng5 Qg7 20. Qxg7+ Kxg7 21. Rfd1 Kh6 22. h4 a5 23. a3 Na6 24. Bxd5 Bxd5 25. Nf5+ gxf5 26. Rxd5 Kg6 27. Rd6+ Kg7 28. Rad1 Nc5 {1-0 Loktionova,N (2230)-Bogdan,D (2400) Techirghiol 1998}) 14... Bxc6 15. Rfd1 dxe4 16. Qc2 Qb8 17. Nxe4 Qe5 18. Nd2 Rfc8 19. Nc4 Bd5 20. b3 Qe6 21. Qb1 Be4 22. Bd3 Bxd3 23. Rxd3 Bxa1 24. Qxa1 Rd8 25. Rxd8+ Rxd8 26. Bxb6 Re8 27. h3 Nd5 28. Ba5 Nf4 29. Bd2 Ne2+ 30. Kf1 Qe7 31. Be3 f5 32. Kxe2 f4 33. Qd4 fxe3 34. Nxe3 Rc8 35. Qd5+ Kf8 36. Qd3 a5 37. Kf3 Rc5 38. g3 Qf6+ 39. Kg2 Qc6+ 40. f3 Rc3 41. Qd4 Rc1 42. Qh8+ Ke7 43. Qxh7+ Kd8 44. Qh8+ Kd7 45. Qd4+ Kc8 46. Qd2 Qc5 47. h4 Kb8 48. Nc4 Rg1+ 49. Kh2 Rf1 50. Qd8+ Ka7 51. Qxa5+ Qxa5 52. Nxa5 Rxf3 53. Kh3 Rf2 54. a3 Ka6 55. Nc4 Rf3 56. b4 Kb5 57. Ne5 Rxa3 58. Nxg6 Kxb4 59. h5 Kc5 60. h6 Ra7 61. g4 Kd6 62. g5 Ke6 63. Kg4 Ra4+ 64. Kh5 Ra7 65. Nf4+ Kf5 66. Ng2 Ke6 67. Kg6 Ke5 68. h7 Ra6+ 69. Kh5 Ra8 70. Nh4 1-0

[Event "Olympiad Women 2024"]
[Site "Budapest HUN"]
[Date "2024.09.18"]
[Round "7.40"]
[Board "2"]
[White "Khan, Anastasia"]
[Black "Mihailova, Alina"]
[Result "0-1"]
[WhiteElo "1859"]
[BlackElo "1969"]
[PlyCount "88"]
[EventDate "2024.09.11"]
[WhiteTeam "South Korea"]
[BlackTeam "Moldova"]
[BlackTeamCountry "MDA"]

1. d4 d5 2. Bf4 Nf6 3. e3 c5 4. dxc5 Nc6 5. c3 ({RR} 5. Bb5 g6 6. Nf3 Bg7 7. Nc3 O-O 8. O-O Bg4 9. Bxc6 bxc6 10. Be5 Bxf3 11. Qxf3 Qa5 12. e4 Qxc5 13. exd5 Nxd5 14. Bxg7 Kxg7 15. Nxd5 cxd5 16. c3 Rab8 17. Qe2 e6 18. Rad1 Qb5 19. Qe5+ Kg8 {½-½ Naroditsky,D (2646)-Andreikin,D (2736) Titled Tuesday intern op 1st Nov 10am blitz 2016 (6)}) ({RR} 5. Bb5 e6 6. b4 Bd7 7. c3 a5 8. Qb3 Be7 9. Nf3 O-O 10. Nbd2 Nh5 11. O-O Nxf4 12. exf4 Qc7 13. g3 Bf6 14. a3 axb4 15. axb4 e5 16. Bxc6 bxc6 17. fxe5 Bxe5 18. Nxe5 Qxe5 19. Nf3 Qe4 {½-½ Moroni,L (2588)-Volkov,M (2153) Titled Tuesday intern op 04th Jan blitz 2022 (11)}) 5... e5 6. Bg5 Bxc5 7. b4 $146 ({RR} 7. Bxf6 gxf6 8. Nd2 a6 9. Ngf3 Be6 10. b4 Ba7 11. b5 axb5 12. Bxb5 Qa5 13. Bxc6+ bxc6 14. O-O O-O 15. Qc2 Kh8 16. Rfb1 Rfb8 {½-½ Baskewitsch,P-Cappon,J (2175) Le Touquet op 17th 2002 (2)}) ({RR} 7. Nf3 Be6 8. Bb5 Qc7 9. Nbd2 Be7 10. O-O O-O 11. Bxf6 Bxf6 12. e4 Rad8 13. Qe2 d4 14. cxd4 exd4 15. Bd3 Rfe8 16. a3 a5 17. Rac1 Qf4 18. h3 Bc8 19. Rfe1 g6 20. Nc4 h5 21. Qd2 Qxd2 {1-0 Zhafyarov,A (2111)-Vaishali,R (2272) Nezhmetdinov Memorial 39th 2017 (8)}) 7... Be7 8. Nf3 Qd6 9. b5 Ne4 10. Bxe7 Nxe7 11. Bd3 Nc5 12. Be2 e4 13. Nd4 Qg6 14. Kf1 O-O 15. h4 f5 16. g3 Qd6 17. Nd2 Ng6 18. N2b3 b6 19. Nc6 Bb7 20. c4 Bxc6 21. bxc6 Qxc6 22. cxd5 Qd6 23. Kg2 Rac8 24. Rc1 Ne5 25. Nxc5 Rxc5 26. Rxc5 bxc5 27. Qc2 Qxd5 28. Bb5 c4 29. Rb1 Rc8 30. Ba6 Rc7 31. Qc3 Nf3 32. Rb8+ Kf7 33. h5 Qe6 34. Bb5 Ne5 35. Be8+ Kf6 36. Bb5 Rc5 37. a4 Qd6 38. Ra8 Qd1 39. Rf8+ Kg5 40. Rg8 Qf3+ 41. Kg1 Kg4 42. Qa1 Rd5 43. Rxg7+ Kxh5 44. Be8+ Kh6 0-1

[Event "Olympiad Women 2024"]
[Site "Budapest HUN"]
[Date "2024.09.18"]
[Round "7.40"]
[Board "3"]
[White "Bargan, Victoria"]
[Black "Kang, Sohyun"]
[Result "1/2-1/2"]
[WhiteElo "1941"]
[BlackElo "1726"]
[PlyCount "88"]
[EventDate "2024.09.11"]
[WhiteTeam "Moldova"]
[BlackTeam "South Korea"]
[WhiteTeamCountry "MDA"]

1. d4 d5 2. c4 c6 3. cxd5 cxd5 4. Bf4 Nf6 5. Nc3 a6 6. e3 Nc6 7. Bd3 Bg4 8. f3 Bh5 9. Nge2 e6 10. O-O Be7 11. Rc1 O-O 12. Na4 Nd7 13. Bg3 ({RR} 13. a3 e5 14. dxe5 Ndxe5 15. Bxe5 Nxe5 16. Nf4 Nxd3 17. Qxd3 Bg6 18. Qxd5 Qxd5 19. Nxd5 Bd6 20. Rfd1 Rac8 21. Rxc8 Rxc8 22. Nac3 Bf8 23. Nf4 Bc2 24. Rd7 b5 25. Nfd5 Ra8 26. Kf2 h6 27. Nc7 Ra7 {½-½ Kumar,S (1908)-Han,Q (1998) 6th San Cristobal Open 2024 (6.39)}) 13... Rc8 14. a3 b5 15. Nc5 $146 ({RR} 15. Nf4 Bg6 16. Nxg6 hxg6 17. b4 Nb6 18. Nc5 Bxc5 19. dxc5 Nc4 20. Bxc4 dxc4 21. Bd6 Re8 22. Qe2 Qf6 23. Rfd1 Red8 24. h3 Rd7 25. f4 Qf5 26. Qf3 Qh5 27. g4 Qh4 28. g5 Qh5 29. Kg2 Qxf3+ {½-½ Riera Montano,R (2075)-Nieto Farreny,F (2191) Martorell op 36th 2018 (6)}) 15... Nxc5 16. dxc5 Bg5 17. Bf4 e5 18. Bxg5 Qxg5 19. f4 Qh6 20. Bf5 Rc7 21. g4 Ne7 22. Qc2 g6 23. g5 Qg7 24. Bh3 Bxe2 25. Qxe2 d4 26. b4 Nd5 27. exd4 exd4 28. Rf3 Re7 29. Qd2 Ne3 30. Bf1 Rfe8 31. c6 Rc7 32. Rc5 Re6 33. Qc1 Qf8 34. Bh3 Rd6 35. a4 Qe7 36. axb5 axb5 37. Qa1 Qe4 38. Rf2 Rdxc6 39. Qa8+ Kg7 40. Bf1 Nxf1 41. Re5 Qb1 42. Rxf1 Qc2 43. Qd8 Rc8 44. Qxd4 Qc4 1/2-1/2

[Event "Olympiad Women 2024"]
[Site "Budapest HUN"]
[Date "2024.09.18"]
[Round "7.40"]
[Board "4"]
[White "Kim, Sarang"]
[Black "Petricenco, Ana"]
[Result "0-1"]
[WhiteElo "1732"]
[BlackElo "1894"]
[PlyCount "86"]
[EventDate "2024.09.11"]
[WhiteTeam "South Korea"]
[BlackTeam "Moldova"]
[BlackTeamCountry "MDA"]

1. e4 c5 2. Nc3 d6 3. f4 Nc6 4. Nf3 g6 5. Bc4 Bg7 6. O-O e6 7. d3 Nge7 8. g4 ({RR} 8. Kh1 d5 9. Bb3 Nd4 10. Nxd4 cxd4 11. Ne2 dxe4 12. dxe4 O-O 13. Ng3 Bd7 14. Bd2 a5 15. a4 b5 16. axb5 Bxb5 17. Rf3 Nc6 18. Ba4 Rb8 19. b3 d3 20. c4 Bxa4 21. Rxa4 Qb6 22. Rxd3 Rfd8 {0-1 Gofshtein,L (2540)-Loginov,V (2505) Oberwart op 1993 (9)}) 8... O-O $146 ({RR} 8... d5 9. Bb3 O-O 10. Qe1 Na5 11. Qh4 Nxb3 12. axb3 f5 13. gxf5 exf5 14. e5 d4 15. Ne2 Nd5 16. Qxd8 Rxd8 17. Bd2 {½-½ Reps,D (1569)-Timmermann,F (1770) Schleswig Holstein-ch U18 2001 (9)}) ({RR} 8... Nd4 9. f5 Nec6 10. fxe6 Bxe6 11. Bxe6 Nxe6 12. Nd5 O-O 13. g5 Ncd4 14. h4 Nc7 15. Nf6+ Kh8 16. c3 Nc6 17. Nh2 d5 18. Nhg4 dxe4 19. Nxe4 Ne6 20. Nef6 Qd6 21. Rf3 Rad8 22. Ne4 Qc7 23. Ngf6 {0-1 Borowski,P (1790)-Szmidt,P (1831) Polanica Zdroj op-D 56th 2020 (3)}) ({RR} 8... d5 9. Bb5 Bd7 10. Bd2 Qc7 11. Rb1 a6 12. Bxc6 Bxc6 13. e5 h5 14. g5 Nf5 15. h4 Bf8 16. Qe1 b6 17. Kh2 Be7 18. Kh3 O-O-O 19. b3 Kb7 20. a4 Rc8 21. Qf2 Rhd8 22. Na2 Bf8 23. b4 {0-1 Ahrens,T-Rettieck,S Schleswig Holstein-ch qual cand 1997 (8)}) ({RR} 8... d5 9. Bb3 Bxc3 10. bxc3 dxe4 11. Ng5 exd3 12. f5 gxf5 13. gxf5 Nxf5 14. Nxf7 Rg8+ 15. Kh1 Qh4 16. Rxf5 exf5 17. Nd6+ Kd7 18. Bxg8 Kxd6 19. Qxd3+ Kc7 20. Bxh7 Ne5 21. Qe2 Nc6 22. Qf3 Qxh7 23. Bf4+ {1-0 Mossong,H-Nemlioglu,A Niemeyer U21-08 Preliminaries 1969 (3)}) 9. Qe1 Nd4 10. Nxd4 Bxd4+ 11. Kh1 d5 12. Bb3 dxe4 13. Nxe4 b6 14. c3 Bg7 15. Qg3 Bb7 16. Kg1 Qc7 17. Qh3 c4 18. Bc2 cxd3 19. Bxd3 Rad8 20. f5 exf5 21. gxf5 Nxf5 22. Rxf5 Rxd3 23. Qxd3 gxf5 24. Nf2 Qc6 25. Qg3 Kh8 26. Bf4 Rg8 27. Kf1 Ba6+ 28. Ke1 Bxc3+ 29. Qxc3+ Qxc3+ 30. bxc3 Rg1+ 31. Kd2 Rxa1 32. Be5+ Kg8 33. Nh3 Rxa2+ 34. Ke3 Re2+ 35. Kf4 Rxh2 36. Ng5 Rf2+ 37. Ke3 Re2+ 38. Kf4 Bd3 39. Nf3 a5 40. Bc7 Re4+ 41. Kg5 Rg4+ 42. Kf6 Rg6+ 43. Ke7 Re6+ 0-1

[Event "Olympiad Women 2024"]
[Site "Budapest HUN"]
[Date "2024.09.18"]
[Round "7.41"]
[Board "1"]
[White "Sawan, Eman"]
[Black "Geske, Bruna"]
[Result "1-0"]
[WhiteElo "1972"]
[BlackElo "2023"]
[PlyCount "53"]
[EventDate "2024.09.11"]
[WhiteTeam "Palestine"]
[BlackTeam "Albania"]
[WhiteTeamCountry "PLE"]
[BlackTeamCountry "ALB"]

1. e4 c5 2. Nf3 Nc6 3. Bb5 e5 4. O-O Bd6 5. c3 a6 6. Bc4 b5 7. Bd5 Nf6 ({RR} 7... Nge7 8. d4 cxd4 9. cxd4 exd4 10. Nxd4 Nxd5 11. exd5 Nxd4 12. Qxd4 O-O 13. Nc3 Qc7 14. h3 Be5 15. Qd3 d6 16. Be3 g6 17. Rac1 Bf5 18. Qd2 Qb7 19. g4 Bd7 20. Ne4 f5 21. gxf5 Bxf5 22. Ng5 {0-1 Liu,K (1976)-Cuenca Jimenez,J (2472) Titled Tue 20th Aug Early 2024 (9)}) 8. d4 cxd4 9. cxd4 Nxd5 $146 ({RR} 9... Qe7 10. dxe5 Bxe5 11. Nxe5 Qxe5 12. Nc3 O-O 13. f4 Qe7 14. e5 Qc5+ 15. Rf2 Nxd5 16. Qxd5 Qa7 17. Qe4 Ne7 18. Be3 Qb7 19. Bc5 Re8 20. Bxe7 Qxe4 21. Nxe4 Rxe7 22. Nd6 a5 23. Nxb5 f6 24. Nc7 {½-½ Erdogmus,Y (2483)-Skoberne,J (2536) TCh-TUR Super League 2023 (11.3)}) 10. exd5 Nxd4 11. Nxd4 exd4 12. Re1+ Kf8 13. Qxd4 Qc7 14. Qh4 Bb7 15. Nc3 Be5 16. Bf4 Bd6 17. Rac1 Qb6 18. Bxd6+ Qxd6 19. Ne4 Qh6 20. Qg4 Bxd5 21. Qxd7 Be6 22. Qb7 Re8 23. Nc5 g5 24. Re3 Qf6 25. Rxe6 Qxb2 26. Rxe8+ Kg7 27. Ree1 1-0

[Event "Olympiad Women 2024"]
[Site "Budapest HUN"]
[Date "2024.09.18"]
[Round "7.41"]
[Board "2"]
[White "Caku, Kler"]
[Black "Hamouri, Taqwa"]
[Result "1-0"]
[WhiteElo "1859"]
[BlackElo "1845"]
[PlyCount "53"]
[EventDate "2024.09.11"]
[WhiteTeam "Albania"]
[BlackTeam "Palestine"]
[WhiteTeamCountry "ALB"]
[BlackTeamCountry "PLE"]

1. e4 e6 2. d4 d5 3. Nd2 Nf6 4. e5 Nfd7 5. Bd3 c5 6. c3 Nc6 7. Ne2 Qb6 8. Nf3 f6 9. Nf4 fxe5 10. dxe5 Ncxe5 11. Nxe5 Nxe5 12. Qh5+ Nf7 13. Bxh7 Qd6 $146 ({RR} 13... e5 14. Nxd5 Qc6 15. c4 Be6 16. Qg6 O-O-O 17. O-O Rd6 18. Qc2 Nh6 19. Bxh6 gxh6 20. Bf5 Rg8 21. Rfe1 Kb8 22. Rad1 Bxd5 23. Rxd5 Rxd5 24. Be4 Qf6 25. Bxd5 Rg7 26. Re3 Bd6 27. Qa4 Qg6 28. Be4 {1-0 Hill,A (2200)-Fathallah,J (2003) Lisbon Portugal op 2017 (5)}) ({RR} 13... e5 14. Nxd5 Qc6 15. c4 Be6 16. Qg6 O-O-O 17. Qc2 Nd6 18. Be4 Nxe4 19. Qxe4 Bxd5 20. cxd5 Rxd5 21. O-O Kb8 22. Bg5 Qe6 23. f4 Rd4 24. Qxe5+ Qxe5 25. fxe5 Kc8 26. Rf7 Re4 27. Raf1 {1-0 Thiemonds,U (2058)-Kessler,U (1911) Verbandsliga Mittelrhein-Ost 1213 2012 (4.4)}) ({RR} 13... e5 14. Nxd5 Qc6 15. c4 Be6 16. Qg6 O-O-O 17. Ne3 Rd4 18. Bd2 Rh4 19. Qxe6+ Qxe6 20. Bf5 Qxf5 21. Nxf5 Rxh2 22. Rxh2 Rxh2 23. Ne3 Rh1+ 24. Nf1 Kd7 25. f3 g6 26. Kf2 Nd6 27. Rd1 Ke6 28. b3 {1-0 Kraemer,M (2191)-Bastians,F (2050) Ruhrgebiet Verbandsliga1 1213 2012 (3.3)}) 14. Ng6 Rxh7 15. Qxh7 e5 16. Nxf8 Qxf8 17. f4 e4 18. O-O Bd7 19. c4 Bc6 20. cxd5 Bxd5 21. Rd1 O-O-O 22. Qf5+ Kb8 23. Rxd5 Rxd5 24. Qxd5 Qe7 25. Be3 b6 26. Rd1 Qf6 27. Qxe4 1-0